1719 1579 1120 1984 1906 1832 1807 1421 1886 1333 1088 1866 1621 1693 1682 1200 1605 1064 1932 1484 1261 1454 1247 1167 1400 1747 1227 1008 1060 1809 1413 1143 1789 1742 1254 1557 1542 1584 1886 1924 1251 1775 1283 1327 1484 1085 1144 1914 1436 1653 1883 1206 1220 1214 1542 1392 1809 1272 1949 1435 1735 1330 1750 1813 1900 1876 1676 1206 1874 1002 1559 1208 1560 1459 1079 1943 1414 1694 1516 1349 1972 1197 1308 1544 1824 1597 1940 1750 1285 1009 1102 1179 1223 1681 1379 1154 1256 1999 1755 BCNSPRNW ULIB Ver.6.0+V

เปลี่ยนเป็นภาษาไทย

Change to English
 แสดงรายละเอียดบรรณานุกรม
  กลับหน้าหลัก

Brief Record : Get Marc (ISO 2709) : E-mail record : QR code < ปิดหน้าต่าง
LEADER : 00000nam 2200000uu 4500
001    13399122016
003     ULIB
008    121219s||||||||th 000 0 tha d
020    ^a9789746575066
060 04 ^aWG141^bอ251E 2551
245 00 ^aElectrocardiography for medical student /^c[บรรณาธิการ]โดย อภิชาต สุคนธสรรพ์
250    ^aพิมพ์ครั้งที่ 6
260    ^aเชียงใหม่ :^bทริค ธิงค์,^c2551
300    ^a117 หน้า :^bภาพประกอบ ;^c21 ซม.
650  0 ^aElectrocardiography
650  7 ^aหัวใจ
650  7 ^aการบันทึกคลื่นไฟฟ้าหัวใจ
650  7 ^aหัวใจ^xการวัด^xเครื่องมือและอุปกรณ์
700 0  ^aอภิชาต สุคนธสรรพ์,^eบรรณาธิการ
945    ^p0^l0^i16131
995    ^aกัณชพร
999 ^a ใช้งานได้ทุกระบบ
รายการนี้ยังไม่มีแท็ก
คุณยังไม่ได้ล็อกอิน คุณสามารถมีกิจกรรมร่วมกับเว็บไซต์ได้ แต่ต้องล็อกอินก่อน ::
  ล็อกอิน

รายการสื่อสารสนเทศ

ลำดับที่ ประเภท เลขเรียก/บาร์โค้ด สถานที่ สถานะ
1. วิทยาศาสตร์การแพทย์ และสุขภาพ
วิทยาศาสตร์การแพทย์ และสุขภาพ
WG141 อ251E 2551  
  Barcode: 16131
ห้องสมุดวิทยาเขตสวรรค์ประชารักษ์
►ส่วนจัดเก็บหนังสือเก่า สปร
บนชั้น
  ขอยืม

รายการใกล้เคียง
    หัวเรื่อง [Electrocardiography]
    หัวเรื่อง [หัวใจ]
    หัวเรื่อง [การบันทึกคลื่นไฟฟ้าหัวใจ]

BibComment


ยังไม่เคยถูกคอมเมนท์

คอมเมนท์ทรัพยากรรายการนี้
  คอมเมนท์: Electrocardiogra..


 Copyright 2026. Bcnsprnw @Library